| 000 | 00922nam a2200241 a 4500 | ||
|---|---|---|---|
| 008 | 060316s1988 ||||||||||||||||| || u | ||
| 020 | _a0810913542 | ||
| 050 | _aZ 733.N63 Dav | ||
| 100 | _aMcTigue, Bernard | ||
| 245 | 1 | 0 | _aTreasures of the New York Public Library |
| 260 |
_aNew York : _bHarry N. Abrams Publishers _c1988 |
||
| 300 | _a304 p. : ill. | ||
| 350 | _a0.00 | ||
| 650 | _aRARE BOOKS - NEW YORK (STATE) - BIBLIOGRAPHY | ||
| 650 | _aLIBRARY RESOURCES--NEW YORK (STATE)--NEW YORK | ||
| 650 | _aNEW YORK PUBLIC LIBRARY | ||
| 650 | _aPRINTED EPHEMERA - NEW YORK (STATE) - NEW YORK | ||
| 650 | _aMANUSCRIPTS - NEW YORK (STATE) - NEW YORK | ||
| 700 | _aDavidson, Marshall B | ||
| 700 | _aWallen, Abrams | ||
| 710 | _aNew York Public Library | ||
| 995 |
_D0.00 _FCBU-MAIN LIBRARY (Kitwe) _H1 _I0.00 _M1 _UAVAILABLE _ZAnnex Low-Usage Collection |
||
| 999 |
_c60389 _d60389 |
||